[Event "Cordoba IRT Jesus Maria 2nd"]
[Site "Cordoba"]
[Date "2018.06.20"]
[Round "3.2"]
[White "Uez, Renzo Agustin"]
[Black "Paz, Guillermo Mauricio"]
[Result "0-1"]
[WhiteElo "1500"]
[BlackElo "1715"]
[PlyCount "70"]
[EventDate "2018.06.20"]
[EventType "swiss"]
[EventRounds "6"]
[EventCountry "ARG"]
[SourceTitle "EXT 2024"]
[Source "ChessBase"]
[SourceDate "2023.10.10"]
[SourceVersion "1"]
[SourceVersionDate "2023.10.10"]
[SourceQuality "1"]

1. e4 Nf6 2. Nc3 d5 3. f3 e5 4. Nge2 d4 5. Nb5 a6 6. Na3 Bxa3 7. bxa3 0-0 8. d3 c5 9. Bd2 Nc6 10. Rb1 Rb8 11. c3 dxc3 12. Nxc3 Be6 13. Be2 Nh5 14. 0-0 Nf4 15. Bxf4 exf4 16. Qc1 h6 17. Qxf4 Qd4+ 18. Kh1 Qxc3 19. Qe3 Bxa2 20. Rbc1 Qd4 21. Qd2 Be6 22. f4 f5 23. exf5 Bxf5 24. Rc4 Qd6 25. Qa2 Be6 26. f5 Bxc4 27. Qxc4+ Kh8 28. Qh4 Rbe8 29. Bg4 Qxd3 30. Rd1 Qxa3 31. f6 Rxf6 32. Re1 Qe3 33. Rg1 g5 34. Qh5 Qxg1+ 35. Kxg1 Re1# 0-1